|
|
|
|
| LEADER |
01241nkm a2200337 a 4500 |
| 001 |
mzk03001083350 |
| 003 |
CZ BrMZK |
| 005 |
20160801115918.0 |
| 007 |
kj co| |
| 008 |
101019s1866 gw ||| f || k|gerod |
| 040 |
|
|
|a BOA001
|b cze
|
| 072 |
|
7 |
|a 76
|x Grafické umění. Grafika
|2 Konspekt
|9 21
|
| 080 |
|
|
|a (0.026.6)76
|2 MRF
|
| 080 |
|
|
|a (084.1)
|2 MRF
|
| 080 |
|
|
|a (437.322)
|2 MRF
|
| 100 |
1 |
|
|a Korn, W.
|4 aut
|
| 245 |
1 |
0 |
|a Tage der Erholung im Augarten zu Brünn im August 1866
|h [grafika]
|
| 260 |
|
|
|a in Berlin :
|b Verlag des Lith. Instituts von W. Korn & Co.,
|c [1866?]
|
| 300 |
|
|
|a 1 list :
|b litografie, barev., podlepená papírem ;
|c 18 x 23,5 cm
|
| 500 |
|
|
|a Na zadní straně tužkou napsáno číslo: No. 56
|
| 500 |
|
|
|a Pod obrazem název a vydavatelské údaje
|
| 500 |
|
|
|a Podlepeno papírem o velikosti 31,5 x 39 cm
|
| 651 |
|
7 |
|a Brno (Česko)
|7 ge134084
|2 czenas
|
| 651 |
|
4 |
|a Lužánky (Brno, Česko : park)
|
| 655 |
|
7 |
|a grafické listy
|7 fd132404
|2 czenas
|
| 655 |
|
7 |
|a veduty
|7 fd133805
|2 czenas
|
| 856 |
4 |
1 |
|u http://www.digitalniknihovna.cz/mzk/uuid/uuid:26f7de23-f1bc-4e38-b2b3-f147528a396f
|y Digitalizovaný dokument
|
| 910 |
|
|
|a BOA001
|b Skř.1R-1248.851,17
|
| 985 |
|
|
|a 1851-1900
|
| 990 |
|
|
|a GP
|
| 991 |
|
|
|k mzk
|